<?xml version="1.0" encoding="UTF-8"?><?xml-stylesheet type="text/xsl" href="static/style.xsl"?><OAI-PMH xmlns="http://www.openarchives.org/OAI/2.0/" xmlns:xsi="http://www.w3.org/2001/XMLSchema-instance" xsi:schemaLocation="http://www.openarchives.org/OAI/2.0/ http://www.openarchives.org/OAI/2.0/OAI-PMH.xsd"><responseDate>2026-04-14T04:06:18Z</responseDate><request verb="GetRecord" identifier="oai:www.recercat.cat:2117/104386" metadataPrefix="marc">https://recercat.cat/oai/request</request><GetRecord><record><header><identifier>oai:recercat.cat:2117/104386</identifier><datestamp>2025-07-22T15:42:08Z</datestamp><setSpec>com_2072_1033</setSpec><setSpec>col_2072_452951</setSpec></header><metadata><record xmlns="http://www.loc.gov/MARC21/slim" xmlns:dcterms="http://purl.org/dc/terms/" xmlns:xsi="http://www.w3.org/2001/XMLSchema-instance" xmlns:doc="http://www.lyncode.com/xoai" xsi:schemaLocation="http://www.loc.gov/MARC21/slim http://www.loc.gov/standards/marcxml/schema/MARC21slim.xsd">
   <leader>00925njm 22002777a 4500</leader>
   <datafield ind2=" " ind1=" " tag="042">
      <subfield code="a">dc</subfield>
   </datafield>
   <datafield ind2=" " ind1=" " tag="720">
      <subfield code="a">Sanjuán Gancedo, Javier</subfield>
      <subfield code="e">author</subfield>
   </datafield>
   <datafield ind2=" " ind1=" " tag="260">
      <subfield code="c">2016-09</subfield>
   </datafield>
   <datafield ind2=" " ind1=" " tag="520">
      <subfield code="a">El ánimo del proyecto Estudio comparativo de diferentes alternativas para la monitorización&#xd;
de parámetros para mantenimiento predictivo en aerogeneradores que sigue a continuación, no es otro &#xd;
que el de analizar diferentes alternativas que se ofrecen en el mercado actual para la &#xd;
implementación de sistemas de monitorización de señales para la monitorización de aerogeneradores.&#xd;
&#xd;
Se realizará una contextualización que permita ilustrar al lector los motivos por los cuales estas &#xd;
aplicaciones resultan críticas de cara a una correcta gestión del mantenimiento de estas máquinas. &#xd;
La extensión de la vida útil, la reducción de los costes de mantenimiento o la mera posibilidad de &#xd;
prever indisponibilidades de equipos, puede llegar a condicionar el atractivo económico - llegando &#xd;
incluso a afectar la viabilidad - de muchos proyectos.&#xd;
&#xd;
Este tipo de proyectos suelen ser intensivos en capital y con planes de amortización &#xd;
considerablemente dilatados en el tiempo. A tal efecto, es común encontrar en la industria interés &#xd;
en la instalación de este tipo de sistemas para tranquilidad de diferentes actores involucrados - &#xd;
desde mantenedores hasta propiedad.&#xd;
&#xd;
En las páginas que siguen, por tanto, se procederá a la presentación del estado del arte de &#xd;
diferentes soluciones industriales disponibles en el mercado a fecha de generación de este&#xd;
estudio.</subfield>
   </datafield>
   <datafield tag="653" ind2=" " ind1=" ">
      <subfield code="a">Àrees temàtiques de la UPC::Enginyeria mecànica</subfield>
   </datafield>
   <datafield tag="653" ind2=" " ind1=" ">
      <subfield code="a">Maintainability (Engineering)</subfield>
   </datafield>
   <datafield tag="653" ind2=" " ind1=" ">
      <subfield code="a">Wind turbines  -- Maintenance</subfield>
   </datafield>
   <datafield tag="653" ind2=" " ind1=" ">
      <subfield code="a">Machinery -- Monitoring</subfield>
   </datafield>
   <datafield tag="653" ind2=" " ind1=" ">
      <subfield code="a">Manteniment (Enginyeria)</subfield>
   </datafield>
   <datafield tag="653" ind2=" " ind1=" ">
      <subfield code="a">Aerogeneradors -- Manteniment</subfield>
   </datafield>
   <datafield tag="653" ind2=" " ind1=" ">
      <subfield code="a">Maquinària -- Monitoratge</subfield>
   </datafield>
   <datafield ind2="0" ind1="0" tag="245">
      <subfield code="a">Estudio comparativo de diferentes alternativas para la monitorización de parámetros para mantenimiento predictivo en aerogeneradores</subfield>
   </datafield>
</record></metadata></record></GetRecord></OAI-PMH>